000 00636nam a2200157 4500
008 050606s1957 -hk chi
090 _aBS2530
_bG69s
100 0 _aGospel Light
245 1 0 _aScripture panorama (Part II) - Teacher's book:
_b New Testament: Colossians to Revelation{ch} /
_cGospel Light .
260 _aHongkong :
_bChina Sunday School Association,
_c1957.
300 _a137 p.
500 _aOriginal publisher by Gospel Light Press
501 _aGospel Light, trans.
650 4 _aBible N.T. Colossians to Revelation
_xStudy and teaching{ch}.
951 _pC-6495
_x00031207
_oBS2530/G69s
_j070613111458781
_d2000-12-21
_cCH
999 _c23536
_d23536